[Event "FIDE World Blitz-ch Women 2018"]
[Site "St. Petersburg"]
[Date "2018.12.30"]
[Round "16.35"]
[White "Gromova, Iulia"]
[Black "Shvayger, Yuliya"]
[Result "1-0"]
[WhiteElo "2241"]
[BlackElo "2393"]
[Annotator "NA"]
[PlyCount "185"]
[EventDate "2018.12.19"]
[EventType "swiss"]
[EventCountry "RUS"]
[SourceTitle "playchess.com"]
[Source "ChessBase"]
[SourceQuality "1"]

1. d4 Nf6 2. c4 g6 3. Nc3 Bg7 4. e4 d6 5. f3 O-O 6. Bg5 Nbd7 7. Qd2 e5 8. d5 a6 9. Nh3 Qe8 10. Nf2 Nh5 11. Nd3 f5 12. Bh6 f4 13. Bxg7 Nxg7 14. Be2 Rb8 15. b4 b6 16. g4 Qe7 17. h4 Bb7 18. Kf2 c6 19. dxc6 Bxc6 20. Nd5 Qf7 21. Rac1 Ne6 22. h5 Nd4 23. Rh2 g5 24. h6 Kh8 25. Rh5 Rg8 26. Bf1 Rg6 27. Nb2 Qf8 28. Nc7 Bb7 29. c5 bxc5 30. Bxa6 Bxa6 31. Nxa6 Rb6 32. Nc7 Rxb4 33. Nd5 Rb8 34. Rch1 Nf6 35. Nxf6 Qxf6 36. Nc4 Qd8 37. Rd1 Kg8 38. Rdh1 Re6 39. Rc1 Kf7 40. Rh2 Re7 41. Kg1 Ra7 42. Rf2 Rba8 43. Ra1 Qf6 44. a4 Qxh6 45. a5 Qh3 46. Nb6 Rb8 47. Qc3 Qg3+ 48. Kf1 Kg7 49. Raa2 Rxb6 50. axb6 Rxa2 51. Rxa2 Nxf3 52. Ra7+ Kh6 53. Ra3 Qg1+ 54. Ke2 Qg2+ 55. Kd3 Nd4 56. Kc4 f3 57. b7 Qf1+ 58. Kd5 Qb5 59. Kxd6 Qxb7 60. Kxe5 Qf7 61. Qxc5 f2 62. Ra6+ Kg7 63. Ra7 f1=Q 64. Rxf7+ Qxf7 65. Kxd4 Qd7+ 66. Ke3 Qxg4 67. Qe5+ Kg6 68. Qd6+ Kh5 69. Qh2+ Qh4 70. Qc7 Qe1+ 71. Kd4 Qd2+ 72. Kc5 h6 73. e5 g4 74. e6 Qe3+ 75. Kd5 g3 76. e7 Qd3+ 77. Ke6 Qe3+ 78. Kf7 Qf3+ 79. Ke6 Qe3+ 80. Kf7 Qf3+ 81. Ke6 Qe4+ 82. Qe5+ Qxe5+ 83. Kxe5 g2 84. e8=Q+ Kh4 85. Qg6 Kh3 86. Qxh6+ Kg3 87. Qg5+ Kf2 88. Qf4+ Ke1 89. Qg3+ Kf1 90. Qf3+ Kg1 91. Kf4 Kh1 92. Qh3+ Kg1 93. Ke4 1-0

[Event "FIDE World Blitz-ch Women 2018"]
[Site "St. Petersburg"]
[Date "2018.12.30"]
[Round "16.36"]
[White "Sudakova, Irina"]
[Black "Styazhkina, Anna"]
[Result "0-1"]
[WhiteElo "2313"]
[BlackElo "2274"]
[Annotator "NA"]
[PlyCount "100"]
[EventDate "2018.12.19"]
[EventType "swiss"]
[EventCountry "RUS"]
[SourceTitle "playchess.com"]
[Source "ChessBase"]
[SourceQuality "1"]

1. e4 e5 2. Nf3 Nc6 3. Nc3 Nf6 4. g3 d5 5. exd5 Nxd5 6. Bg2 Nb6 7. O-O Be7 8. Re1 f6 9. d3 O-O 10. Be3 Bg4 11. h3 Bh5 12. Qd2 Qd7 13. Kh2 Rad8 14. a4 Bb4 15. g4 Bf7 16. Nh4 Nd4 17. Qd1 Nd5 18. Bxd4 exd4 19. Nxd5 Bxe1 20. Nxf6+ gxf6 21. Qxe1 Qd6+ 22. Kg1 Qf4 23. Qc1 Qxc1+ 24. Rxc1 c6 25. Nf5 Rfe8 26. Kf1 Bd5 27. f3 c5 28. Kf2 Bc6 29. a5 b5 30. Ng3 c4 31. f4 Bxg2 32. Kxg2 Re3 33. Ne4 Kg7 34. Nc5 Rc8 35. b4 c3 36. Nb3 Rd8 37. a6 f5 38. g5 Kg6 39. Nc5 Rd6 40. Kf2 Rxh3 41. Re1 Rh2+ 42. Kg3 Rxc2 43. Re7 Ra2 44. Ne6 Rxe6 45. Rxe6+ Kf7 46. Rf6+ Ke7 47. Rxf5 Rxa6 48. Rc5 Kd6 49. f5 Rc6 50. f6 c2 0-1

[Event "FIDE World Blitz-ch Women 2018"]
[Site "St. Petersburg"]
[Date "2018.12.30"]
[Round "16.37"]
[White "Sukhareva, Evgeniya"]
[Black "Gevorgyan, Maria"]
[Result "1-0"]
[WhiteElo "2126"]
[BlackElo "2228"]
[Annotator "NA"]
[PlyCount "107"]
[EventDate "2018.12.19"]
[EventType "swiss"]
[EventCountry "RUS"]
[SourceTitle "playchess.com"]
[Source "ChessBase"]
[SourceQuality "1"]

1. d4 d5 2. Nf3 Nf6 3. c4 dxc4 4. e3 e6 5. Bxc4 a6 6. a4 c5 7. O-O Nc6 8. Nc3 cxd4 9. exd4 Nb4 10. Bg5 Be7 11. Qe2 O-O 12. Rad1 Nfd5 13. Bxe7 Nxe7 14. Ne4 Ned5 15. Ne5 b6 16. a5 b5 17. Bb3 Qxa5 18. Nc5 Qd8 19. Qg4 Ra7 20. Rfe1 Qd6 21. Qg3 a5 22. Bxd5 exd5 23. Qh4 Nc6 24. Nf3 Ne7 25. Ng5 h6 26. Nf3 Ng6 27. Qh5 Qf6 28. Ne5 Nf4 29. Qf3 Qg5 30. Kh1 Be6 31. Re3 Nh5 32. g3 Nf6 33. h4 Qf5 34. Qxf5 Bxf5 35. Nc6 Bg4 36. f3 Rc7 37. Nxa5 Bc8 38. Kg2 Nd7 39. b4 Nb6 40. Rde1 Nc4 41. Re7 Rxe7 42. Rxe7 Rd8 43. Nc6 Rf8 44. Rc7 Bf5 45. Ne7+ Kh7 46. Nxf5 Re8 47. Rxf7 Kg6 48. Re7 Ra8 49. g4 h5 50. Rxg7+ Kf6 51. Nd7+ Ke6 52. Nc5+ Kf6 53. Nd7+ Ke6 54. Re7# 1-0

[Event "FIDE World Blitz-ch Women 2018"]
[Site "St. Petersburg"]
[Date "2018.12.30"]
[Round "16.38"]
[White "Kabanova, Ekaterina"]
[Black "Nakhbayeva, Guliskhan"]
[Result "0-1"]
[WhiteElo "2095"]
[BlackElo "2371"]
[Annotator "NA"]
[PlyCount "138"]
[EventDate "2018.12.19"]
[EventType "swiss"]
[EventCountry "RUS"]
[SourceTitle "playchess.com"]
[Source "ChessBase"]
[SourceQuality "1"]

1. c4 e6 2. Nf3 Nf6 3. e3 Be7 4. Be2 O-O 5. Qc2 b6 6. a3 Bb7 7. b4 a5 8. bxa5 Rxa5 9. Bb2 d5 10. Bc3 Ra8 11. O-O dxc4 12. Bxc4 Bxf3 13. gxf3 Nbd7 14. Kh1 Nh5 15. Rg1 Bd6 16. Qe4 g6 17. Qg4 Nhf6 18. Qh3 Ra4 19. Bb3 Ra8 20. Bb2 Be5 21. Nc3 Nc5 22. Bc2 Nd3 23. Bxd3 Qxd3 24. f4 Bxc3 25. Bxc3 Ne4 26. Qf3 Nxc3 27. dxc3 Qxc3 28. Rac1 Qxa3 29. Rxc7 b5 30. h4 Qd6 31. Rc6 Qe7 32. Rg4 b4 33. h5 b3 34. Qe2 Rfb8 35. hxg6 hxg6 36. Rc1 b2 37. Rb1 Ra1 38. Qc2 Rxb1+ 39. Qxb1 Qb7+ 40. Kh2 Kg7 41. Rg1 Qf3 42. Rg2 Rh8+ 43. Kg1 Qe2 44. f3 Qxe3+ 45. Rf2 Qc1+ 46. Rf1 Qxb1 47. Rxb1 Rb8 48. Kf2 Rb3 49. Kg3 Kf6 50. Kg4 Rb4 51. Kg3 Kf5 52. Kf2 Kxf4 53. Ke2 e5 54. Kf2 g5 55. Kg2 f5 56. Kf2 Rb3 57. Kg2 g4 58. fxg4 Kxg4 59. Kh2 f4 60. Rg1+ Kf5 61. Rb1 e4 62. Kg2 f3+ 63. Kf2 Kf4 64. Kf1 e3 65. Kg1 f2+ 66. Kg2 Rb8 67. Kf1 Rg8 68. Rxb2 Rg1+ 69. Ke2 f1=Q# 0-1

[Event "FIDE World Blitz-ch Women 2018"]
[Site "St. Petersburg"]
[Date "2018.12.30"]
[Round "16.39"]
[White "Garcia Martin, Marta"]
[Black "Lelekova, Olga"]
[Result "1-0"]
[WhiteElo "2301"]
[BlackElo "2261"]
[Annotator "NA"]
[PlyCount "117"]
[EventDate "2018.12.19"]
[EventType "swiss"]
[EventCountry "RUS"]
[SourceTitle "playchess.com"]
[Source "ChessBase"]
[SourceQuality "1"]

1. e4 c5 2. Nf3 e6 3. g3 Nc6 4. Bg2 d6 5. O-O Nf6 6. Qe2 Qc7 7. c3 e5 8. Rd1 Bg4 9. h3 Bh5 10. g4 Bg6 11. d4 Bxe4 12. g5 Bxf3 13. Bxf3 Nd7 14. Na3 Be7 15. Nb5 Qb8 16. d5 Nd8 17. c4 O-O 18. Bg4 f5 19. gxf6 Nxf6 20. Bg5 a6 21. Nc3 Qc7 22. Rf1 Nxg4 23. Qxg4 Bxg5 24. Qxg5 Nf7 25. Qg2 Nh6 26. Kh1 Rf6 27. Rg1 Qd7 28. Ne4 Rg6 29. Qh2 Qf5 30. Rxg6 Qxg6 31. Qg2 Qxg2+ 32. Kxg2 Nf7 33. Rb1 b5 34. b4 cxb4 35. Rxb4 bxc4 36. Rxc4 Kf8 37. Rc6 Ke7 38. Rc7+ Ke8 39. a4 h6 40. a5 g5 41. Nf6+ Kf8 42. Nd7+ Kg7 43. Nb6 Rd8 44. Ra7 Kf6 45. Rxa6 e4 46. Ra7 Ne5 47. Rc7 Nd3 48. a6 Rb8 49. a7 Re8 50. a8=Q Rxa8 51. Nxa8 Ke5 52. Nb6 Kd4 53. Rc6 Ke5 54. Rc8 Kd4 55. Rh8 Nf4+ 56. Kh2 e3 57. fxe3+ Kxe3 58. Rxh6 Kf3 59. Rxd6 1-0

[Event "FIDE World Blitz-ch Women 2018"]
[Site "St. Petersburg"]
[Date "2018.12.30"]
[Round "16.40"]
[White "Maletina, Tatiana"]
[Black "Solozhenkina, Elizaveta"]
[Result "1-0"]
[WhiteElo "2270"]
[BlackElo "2258"]
[Annotator "NA"]
[PlyCount "55"]
[EventDate "2018.12.19"]
[EventType "swiss"]
[EventCountry "RUS"]
[SourceTitle "playchess.com"]
[Source "ChessBase"]
[SourceQuality "1"]

1. d4 Nf6 2. Bg5 Ne4 3. Bf4 c5 4. f3 Qa5+ 5. c3 Nf6 6. d5 Qb6 7. b3 e6 8. e4 d6 9. Bc4 exd5 10. exd5 Qc7 11. Ne2 g6 12. O-O Bg7 13. Nd2 O-O 14. Ne4 Ne8 15. Qd2 Nd7 16. Bh6 Ne5 17. Bxg7 Kxg7 18. f4 Nxc4 19. bxc4 h6 20. f5 Bxf5 21. Rxf5 gxf5 22. N4g3 Qd8 23. Nxf5+ Kg8 24. Qxh6 Qf6 25. Qf4 Qe5 26. Qg5+ Kh8 27. Neg3 Nf6 28. Qg7# 1-0

[Event "FIDE World Blitz-ch Women 2018"]
[Site "St. Petersburg"]
[Date "2018.12.30"]
[Round "16.41"]
[White "Fominykh, Maria"]
[Black "Badelka, Olga"]
[Result "0-1"]
[WhiteElo "2259"]
[BlackElo "2385"]
[Annotator "NA"]
[PlyCount "73"]
[EventDate "2018.12.19"]
[EventType "swiss"]
[EventCountry "RUS"]
[SourceTitle "playchess.com"]
[Source "ChessBase"]
[SourceQuality "1"]

1. Nf3 c5 2. e3 d5 3. d4 cxd4 4. exd4 Nc6 5. c3 Nf6 6. Bd3 Bg4 7. h3 Bh5 8. O-O e6 9. Bf4 Bd6 10. Bxd6 Qxd6 11. Nbd2 O-O 12. Re1 Rac8 13. Nf1 Qf4 14. Qd2 Qxd2 15. N3xd2 Bg6 16. Bxg6 hxg6 17. Ne3 b5 18. Nb3 Nd7 19. a4 Rb8 20. a5 a6 21. Red1 Rfc8 22. Nc1 b4 23. c4 dxc4 24. Nxc4 Ne7 25. b3 Nd5 26. Nd3 f6 27. Kf1 Rc6 28. Re1 Kf7 29. f4 Rc7 30. Ra4 Ke7 31. g3 Rb5 32. Kf2 Nb8 33. Rc1 Nc6 34. Nc5 Nxd4 35. Nxa6 Ra7 36. Rd1 Nxb3 37. Nxb4 0-1

[Event "FIDE World Blitz-ch Women 2018"]
[Site "St. Petersburg"]
[Date "2018.12.30"]
[Round "16.42"]
[White "Michna, Marta"]
[Black "Sirotkina, Nina"]
[Result "1-0"]
[WhiteElo "2333"]
[BlackElo "2188"]
[Annotator "NA"]
[PlyCount "73"]
[EventDate "2018.12.19"]
[EventType "swiss"]
[EventCountry "RUS"]
[SourceTitle "playchess.com"]
[Source "ChessBase"]
[SourceQuality "1"]

1. Nf3 d5 2. g3 c6 3. Bg2 Bf5 4. O-O e6 5. d3 Nf6 6. Nbd2 Be7 7. c4 h6 8. cxd5 exd5 9. Nd4 Bg6 10. N2f3 Nbd7 11. Nh4 Bh7 12. Ndf5 O-O 13. e4 dxe4 14. dxe4 Bc5 15. Qc2 Ne5 16. Qxc5 Ned7 17. Qc2 Re8 18. Nd6 Re7 19. Nhf5 Re6 20. Nxb7 Qb6 21. Nbd6 Rb8 22. b3 c5 23. Bf4 Ne5 24. Bxe5 Rxe5 25. Rad1 Re6 26. Rfe1 g6 27. Nxh6+ Kg7 28. Nhxf7 Rf8 29. e5 Ng4 30. h3 g5 31. Qd2 Rxd6 32. Nxd6 Nxf2 33. Qxg5+ Bg6 34. Nc4 Qe6 35. Rd6 Nxh3+ 36. Bxh3 Qxh3 37. Rxg6+ 1-0

[Event "FIDE World Blitz-ch Women 2018"]
[Site "St. Petersburg"]
[Date "2018.12.30"]
[Round "16.43"]
[White "Goltseva, Ekaterina"]
[Black "Berend, Elvira"]
[Result "1/2-1/2"]
[WhiteElo "2153"]
[BlackElo "2332"]
[Annotator "NA"]
[PlyCount "135"]
[EventDate "2018.12.19"]
[EventType "swiss"]
[EventCountry "RUS"]
[SourceTitle "playchess.com"]
[Source "ChessBase"]
[SourceQuality "1"]

1. d4 Nf6 2. c4 e6 3. Nc3 Bb4 4. e3 O-O 5. Bd3 d5 6. Nf3 c5 7. O-O Nc6 8. cxd5 exd5 9. a3 Ba5 10. dxc5 Bxc3 11. bxc3 Qe7 12. a4 Bg4 13. Be2 Rfc8 14. Ba3 Ne4 15. Rc1 Rd8 16. Nd4 Bxe2 17. Qxe2 Ne5 18. f3 Nxc5 19. Qb5 Rac8 20. Nf5 Qe6 21. Bxc5 Qxf5 22. Bd4 b6 23. a5 Nc4 24. axb6 axb6 25. e4 Qd7 26. Qxd7 Rxd7 27. exd5 Rxd5 28. Rfe1 Rd7 29. Rb1 Rb7 30. Rb4 f6 31. Re6 Kf7 32. Re2 Rc6 33. Kf2 h5 34. Ra2 Nd6 35. Ra6 Nf5 36. Raxb6 Rbxb6 37. Bxb6 Rxc3 38. Rb2 h4 39. Ba7 Kg6 40. Rd2 Rb3 41. Bc5 Rb5 42. Ba7 Ne7 43. Be3 Nd5 44. Bd4 Kf5 45. Rc2 Nf4 46. Be3 Nd3+ 47. Ke2 Ne5 48. Kf2 Rb3 49. Rd2 Nc4 50. Re2 g5 51. Bd4 Nd6 52. Bc5 Nf7 53. Bd4 Rd3 54. Be3 Ne5 55. Bb6 h3 56. Re3 Rd2+ 57. Re2 Rxe2+ 58. Kxe2 hxg2 59. Kf2 Nc4 60. Bd4 Nd2 61. Kxg2 Nb3 62. Be3 Na5 63. Kg3 Nc4 64. Bd4 Nd2 65. Bc3 Nc4 66. h4 gxh4+ 67. Kxh4 Ne3 68. Bxf6 1/2-1/2

[Event "FIDE World Blitz-ch Women 2018"]
[Site "St. Petersburg"]
[Date "2018.12.30"]
[Round "16.44"]
[White "Arutyunova, Diana"]
[Black "Shafigullina, Zarina"]
[Result "1-0"]
[WhiteElo "2227"]
[BlackElo "2140"]
[Annotator "NA"]
[PlyCount "63"]
[EventDate "2018.12.19"]
[EventType "swiss"]
[EventCountry "RUS"]
[SourceTitle "playchess.com"]
[Source "ChessBase"]
[SourceQuality "1"]

1. e4 c5 2. Nf3 Nc6 3. d4 cxd4 4. Nxd4 Nf6 5. Nc3 e5 6. Ndb5 d6 7. Bg5 a6 8. Na3 b5 9. Bxf6 gxf6 10. Nd5 f5 11. Qh5 fxe4 12. O-O-O Be6 13. Kb1 Nd4 14. Ne3 Qd7 15. c3 Nf5 16. Ng4 Bg7 17. Qg5 Qe7 18. Qd2 h5 19. Ne3 Nxe3 20. fxe3 d5 21. Nc2 Qc5 22. Be2 a5 23. Rhf1 Bh6 24. Bxh5 Ke7 25. Qf2 Bg5 26. Bxf7 Raf8 27. Qg3 Bf6 28. Rxf6 Rxf7 29. Rxf7+ Kxf7 30. Rf1+ Ke8 31. Qg6+ Kd7 32. Qg7+ 1-0

[Event "FIDE World Blitz-ch Women 2018"]
[Site "St. Petersburg"]
[Date "2018.12.30"]
[Round "16.45"]
[White "Ovod, Evgenija"]
[Black "Atalik, Ekaterina"]
[Result "1-0"]
[WhiteElo "2367"]
[BlackElo "2447"]
[Annotator "NA"]
[PlyCount "77"]
[EventDate "2018.12.19"]
[EventType "swiss"]
[EventCountry "RUS"]
[SourceTitle "playchess.com"]
[Source "ChessBase"]
[SourceQuality "1"]

1. e4 c6 2. d4 d5 3. exd5 cxd5 4. Bd3 Nc6 5. c3 Qc7 6. Ne2 Bg4 7. O-O e6 8. Qe1 Nf6 9. Bg5 Be7 10. f3 Bh5 11. Nf4 Bg6 12. Nxg6 hxg6 13. g3 O-O-O 14. Nd2 Rh5 15. Bf4 Bd6 16. Bxd6 Qxd6 17. f4 Rdh8 18. Nf3 Ng4 19. h4 f6 20. Bxg6 R5h6 21. Bd3 Kb8 22. Kg2 e5 23. Bf5 exf4 24. Bxg4 Rg6 25. Nh2 f5 26. Bxf5 Rxg3+ 27. Kh1 Rxh4 28. Rf2 a6 29. Qe6 Qd8 30. Re1 Qg5 31. Qd6+ Ka7 32. Qc5+ Kb8 33. Re8+ Nd8 34. Qc8+ Ka7 35. Qc5+ Kb8 36. Re1 Qxf5 37. Qd6+ Ka7 38. Qxd8 f3 39. Qxh4 1-0

[Event "FIDE World Blitz-ch Women 2018"]
[Site "St. Petersburg"]
[Date "2018.12.30"]
[Round "16.46"]
[White "Bulatova, Kamaliya"]
[Black "Injac, Teodora"]
[Result "0-1"]
[WhiteElo "2007"]
[BlackElo "2325"]
[Annotator "NA"]
[PlyCount "156"]
[EventDate "2018.12.19"]
[EventType "swiss"]
[EventCountry "RUS"]
[SourceTitle "playchess.com"]
[Source "ChessBase"]
[SourceQuality "1"]

1. d4 Nf6 2. Bf4 g6 3. Nc3 d5 4. e3 Bg7 5. h4 O-O 6. h5 c5 7. hxg6 hxg6 8. Qd2 Nc6 9. Nf3 Ne4 10. Nxe4 dxe4 11. Ng5 cxd4 12. Bc4 e5 13. Nh7 exf4 14. Nxf8 Qxf8 15. exf4 e3 16. fxe3 dxe3 17. Qxe3 Bg4 18. Qb3 Re8+ 19. Kf2 Qc5+ 20. Kg3 Re3+ 21. Kxg4 Rxb3 22. axb3 Qe3 23. Rae1 Qc5 24. Re8+ Bf8 25. c3 b5 26. Bd3 Qd6 27. Re3 Qd7+ 28. Kg3 Bc5 29. Rf3 Ne7 30. b4 Bb6 31. Re1 Nf5+ 32. Bxf5 Qxf5 33. Re8+ Kg7 34. Re5 Qb1 35. Rxb5 Qe1+ 36. Kh3 Qh1+ 37. Kg3 Bd8 38. Rd3 Qe1+ 39. Kf3 Qf1+ 40. Ke3 Bb6+ 41. Rxb6 axb6 42. g3 Qe1+ 43. Kf3 Qf1+ 44. Ke3 Qg2 45. Kd4 Qxb2 46. Kc4 Qe2 47. Kd4 Kf6 48. Re3 Qd2+ 49. Ke4 b5 50. g4 Qc2+ 51. Kf3 Qd1+ 52. Kg3 Qg1+ 53. Kf3 Kg7 54. Re2 Qd1 55. Kf2 Qc1 56. Re3 Qd2+ 57. Kf3 f5 58. g5 Qd1+ 59. Kg3 Qg4+ 60. Kf2 Qxf4+ 61. Ke2 Qxg5 62. Re5 Qg4+ 63. Kd3 Qc4+ 64. Kc2 Kf6 65. Rc5 Qe2+ 66. Kb3 f4 67. Rc6+ Kg5 68. Rc5+ Kg4 69. c4 bxc4+ 70. Rxc4 Qd1+ 71. Ka3 Qa1+ 72. Kb3 Qb1+ 73. Kc3 Kg3 74. Rc5 f3 75. b5 f2 76. Rg5+ Kh4 77. Rd5 f1=Q 78. Rd4+ Kh5 0-1

[Event "FIDE World Blitz-ch Women 2018"]
[Site "St. Petersburg"]
[Date "2018.12.30"]
[Round "16.47"]
[White "Petrova, Irina"]
[Black "Paramzina, Anastasya"]
[Result "0-1"]
[WhiteElo "2124"]
[BlackElo "2229"]
[Annotator "NA"]
[PlyCount "94"]
[EventDate "2018.12.19"]
[EventType "swiss"]
[EventCountry "RUS"]
[SourceTitle "playchess.com"]
[Source "ChessBase"]
[SourceQuality "1"]

1. d4 Nf6 2. Bg5 g6 3. Bxf6 exf6 4. e3 Bg7 5. g3 O-O 6. Bg2 a5 7. Ne2 f5 8. O-O Ra6 9. c4 h5 10. h4 g5 11. hxg5 Qxg5 12. Nf4 Rh6 13. Nd2 Nc6 14. Nf3 Qd8 15. Nh4 Qg5 16. Nf3 Qd8 17. Nh4 Qg5 18. Nf3 Qd8 19. Nh4 Qg5 20. Nf3 Qd8 21. Nh4 Ne7 22. Nxh5 d6 23. Nxg7 Kxg7 24. d5 Ng6 25. Qd4+ Kh7 26. Nxg6 fxg6 27. Bf3 g5 28. Kg2 g4 29. Be2 Kg6 30. Rh1 Rfh8 31. Rxh6+ Rxh6 32. Rh1 Rxh1 33. Kxh1 Qf8 34. Qc3 b6 35. a3 Bd7 36. b4 axb4 37. axb4 Qa8 38. Kg1 Qa2 39. Bd3 Qa4 40. c5 Qd1+ 41. Kg2 Qf3+ 42. Kg1 bxc5 43. bxc5 Qxd5 44. cxd6 Bc6 45. Kf1 Qh1+ 46. Ke2 Bf3+ 47. Kd2 Qd1# 0-1

[Event "FIDE World Blitz-ch Women 2018"]
[Site "St. Petersburg"]
[Date "2018.12.30"]
[Round "16.48"]
[White "Belenkaya, Dina"]
[Black "Afonasieva, Anna"]
[Result "0-1"]
[WhiteElo "2338"]
[BlackElo "2207"]
[Annotator "NA"]
[PlyCount "186"]
[EventDate "2018.12.19"]
[EventType "swiss"]
[EventCountry "RUS"]
[SourceTitle "playchess.com"]
[Source "ChessBase"]
[SourceQuality "1"]

1. e4 c6 2. d4 d5 3. exd5 cxd5 4. Bd3 Nc6 5. c3 Qc7 6. Ne2 Bg4 7. O-O e6 8. Qe1 Bd6 9. Ng3 Bxg3 10. fxg3 Nf6 11. Bf4 Qb6 12. Qf2 O-O 13. Na3 Bh5 14. Rae1 Bg6 15. Bxg6 hxg6 16. Qf3 Qxb2 17. Bc1 Qb6 18. g4 Ne7 19. Nc2 Rac8 20. Ba3 Qc7 21. Re3 Ne4 22. Qh3 Nd2 23. Rfe1 Nc4 24. Rf3 Nxa3 25. Nxa3 Nc6 26. Qh4 Qe7 27. Qxe7 Nxe7 28. Nb5 a6 29. Na3 Rc7 30. Kf2 Rfc8 31. Nb1 Nc6 32. Ke2 Na5 33. Ref1 Nc4 34. h4 Nd6 35. h5 gxh5 36. gxh5 Ne4 37. Rc1 b5 38. a3 a5 39. Rh1 Nxc3+ 40. Nxc3 Rxc3 41. Rb1 Rc2+ 42. Kd1 Rxg2 43. Rxb5 Rc4 44. Rb8+ Kh7 45. Rxf7 Rxd4+ 46. Ke1 Rh4 47. Rbb7 Rh1+ 48. Rf1 Rxf1+ 49. Kxf1 Rg3 50. a4 Rg4 51. Re7 Re4 52. Kf2 Kh6 53. Ra7 Rxa4 54. Ra6 Re4 55. Rxa5 Kxh5 56. Ra7 g5 57. Rh7+ Kg4 58. Rh8 Ra4 59. Ke3 e5 60. Rd8 Ra3+ 61. Ke2 d4 62. Kf2 Kf4 63. Rf8+ Ke4 64. Rg8 Ra2+ 65. Kf1 d3 66. Rxg5 d2 67. Ke2 Kd4 68. Rg8 Kc3 69. Rc8+ Kd4 70. Rd8+ Ke4 71. Rd7 Rb2 72. Rd8 Ra2 73. Rd7 d1=Q+ 74. Kxd1 Ke3 75. Rh7 Ra1+ 76. Kc2 e4 77. Re7 Kf3 78. Kd2 Ra2+ 79. Ke1 Re2+ 80. Kd1 Rh2 81. Re8 Ke3 82. Rd8 Rh1+ 83. Kc2 Ke2 84. Re8 e3 85. Re7 Kf2 86. Rf7+ Ke1 87. Re7 e2 88. Re3 Rh8 89. Re7 Rc8+ 90. Kd3 Kd1 91. Rxe2 Rd8+ 92. Ke3 Re8+ 93. Kf3 Rxe2 0-1

[Event "FIDE World Blitz-ch Women 2018"]
[Site "St. Petersburg"]
[Date "2018.12.30"]
[Round "16.49"]
[White "Sviridova, Vlada"]
[Black "Yurasova, Daria"]
[Result "1/2-1/2"]
[WhiteElo "2144"]
[BlackElo "2190"]
[Annotator "NA"]
[PlyCount "92"]
[EventDate "2018.12.19"]
[EventType "swiss"]
[EventCountry "RUS"]
[SourceTitle "playchess.com"]
[Source "ChessBase"]
[SourceQuality "1"]

1. d4 d5 2. c4 dxc4 3. Nf3 Nf6 4. e3 e6 5. Bxc4 a6 6. O-O b5 7. Be2 Bb7 8. b3 c5 9. Bb2 Nc6 10. a4 b4 11. Nbd2 cxd4 12. Nxd4 Nxd4 13. Bxd4 Be7 14. Nc4 O-O 15. a5 Nd5 16. Bf3 Bf6 17. Nb6 Nxb6 18. Bxb7 Ra7 19. axb6 Rxb7 20. Rxa6 Bxd4 21. Qxd4 Qxd4 22. exd4 Rfb8 23. Rc1 Kf8 24. Rc6 Ke8 25. Kf1 Kd7 26. Rc4 Rxb6 27. Ra4 R8b7 28. Ke2 Kd6 29. Kd3 Rb5 30. h4 h5 31. g3 g6 32. f3 Kd5 33. Ra8 Kd6 34. Rcc8 Rf5 35. Ke4 Rfb5 36. Re8 Rc7 37. Rad8+ Kc6 38. Kd3 Ra5 39. Rb8 Rf5 40. f4 Rb5 41. Rxb5 Kxb5 42. Rb8+ Ka5 43. Ra8+ Kb5 44. Rb8+ Ka5 45. Ra8+ Kb5 46. Rb8+ Ka5 1/2-1/2

[Event "FIDE World Blitz-ch Women 2018"]
[Site "St. Petersburg"]
[Date "2018.12.30"]
[Round "16.50"]
[White "Nguyen, Thi Mai Hung"]
[Black "Diakonova, Ekaterina"]
[Result "1/2-1/2"]
[WhiteElo "2280"]
[BlackElo "2225"]
[Annotator "NA"]
[PlyCount "89"]
[EventDate "2018.12.19"]
[EventType "swiss"]
[EventCountry "RUS"]
[SourceTitle "playchess.com"]
[Source "ChessBase"]
[SourceQuality "1"]

1. Nf3 Nf6 2. g3 b6 3. Bg2 Bb7 4. O-O g6 5. b3 Bg7 6. Bb2 O-O 7. d4 c5 8. c4 cxd4 9. Nxd4 Bxg2 10. Kxg2 d6 11. Nc3 Nbd7 12. e4 Nc5 13. Re1 Qc7 14. Nd5 Qb7 15. f3 Rfe8 16. Qc2 Rac8 17. Rad1 a6 18. Qe2 Ncd7 19. Rd2 Ne5 20. f4 Nc6 21. Nxc6 Qxc6 22. Nxf6+ Bxf6 23. Bxf6 exf6 24. Rd5 b5 25. cxb5 axb5 26. Qxb5 Qxb5 27. Rxb5 Rc2+ 28. Kf3 Rxa2 29. h4 f5 30. e5 dxe5 31. Rexe5 Rd8 32. Red5 Rc8 33. Rdc5 Rd8 34. Rd5 Rc8 35. Rbc5 Rb8 36. Rd3 Rb2 37. Rcc3 Ra8 38. Rd7 Re8 39. Rb7 Ree2 40. b4 Rbd2 41. Rc8+ Kg7 42. Rcc7 Rf2+ 43. Ke3 Rfe2+ 44. Kf3 Rf2+ 45. Ke3 1/2-1/2

[Event "FIDE World Blitz-ch Women 2018"]
[Site "St. Petersburg"]
[Date "2018.12.30"]
[Round "16.51"]
[White "Geller, Anastasiya"]
[Black "Smirnova, Ekaterina"]
[Result "0-1"]
[WhiteElo "2187"]
[BlackElo "2192"]
[Annotator "NA"]
[PlyCount "67"]
[EventDate "2018.12.19"]
[EventType "swiss"]
[EventCountry "RUS"]
[SourceTitle "playchess.com"]
[Source "ChessBase"]
[SourceQuality "1"]

1. e4 e6 2. d4 d5 3. exd5 exd5 4. Nf3 Bd6 5. c4 c6 6. cxd5 cxd5 7. Nc3 Nf6 8. Bg5 Be7 9. Bb5+ Nc6 10. Ne5 Bd7 11. Nxd7 Qxd7 12. O-O O-O 13. Re1 Rfe8 14. Qd3 h6 15. Be3 Bd6 16. h3 Bc7 17. Ne2 Rac8 18. a3 Ne4 19. Rac1 Bb8 20. Rf1 Nd6 21. Ba4 Nc4 22. Bc2 g6 23. Bxh6 Nxb2 24. Qf3 Qd6 25. Bf4 Qf6 26. Rb1 Rxe2 27. Qxe2 Qxf4 28. g3 Qxd4 29. Rfd1 Qf6 30. Rxd5 Nd4 31. Qg4 Rxc2 32. Rf1 Nf3+ 33. Kg2 Ne5 34. Qd4 0-1

[Event "FIDE World Blitz-ch Women 2018"]
[Site "St. Petersburg"]
[Date "2018.12.30"]
[Round "16.52"]
[White "Shaydullina, Sandugach"]
[Black "Kirchei, Viktoriia"]
[Result "1-0"]
[WhiteElo "2033"]
[BlackElo "1972"]
[Annotator "NA"]
[PlyCount "97"]
[EventDate "2018.12.19"]
[EventType "swiss"]
[EventCountry "RUS"]
[SourceTitle "playchess.com"]
[Source "ChessBase"]
[SourceQuality "1"]

1. Nf3 d5 2. c4 e6 3. d4 c6 4. Qc2 dxc4 5. e4 b5 6. a4 Bb7 7. Be2 Bb4+ 8. Nc3 h6 9. O-O Nf6 10. Rd1 O-O 11. d5 exd5 12. exd5 cxd5 13. axb5 Nbd7 14. Nd4 Nc5 15. Be3 Bxc3 16. bxc3 Qc7 17. Nf5 Ne6 18. Bf3 Qe5 19. Bxa7 Rad8 20. Bb6 Rd7 21. Nd4 Nf4 22. Qf5 Qd6 23. Bc5 Qxc5 24. Qxf4 Re8 25. h3 Rde7 26. Nf5 Re5 27. Nxh6+ gxh6 28. Qxf6 R5e6 29. Qf5 Qxb5 30. Rab1 Qd7 31. Qg4+ Kh8 32. Qd4+ Kg8 33. Bg4 Qd6 34. Bxe6 fxe6 35. f4 Bc6 36. Re1 Rf8 37. Re5 Bd7 38. Rbe1 Rf7 39. Qf2 Qf8 40. Qg3+ Kh7 41. Rf1 Rf5 42. Re3 Bc8 43. Qe1 Rxf4 44. Qb1+ Kh8 45. Rxf4 Qxf4 46. Rf3 Qd6 47. Qg6 Qc5+ 48. Kh1 Qe7 49. Rf7 1-0

[Event "FIDE World Blitz-ch Women 2018"]
[Site "St. Petersburg"]
[Date "2018.12.30"]
[Round "16.53"]
[White "Strutinskaia, Galina"]
[Black "Dumcheva, Julia"]
[Result "1-0"]
[WhiteElo "2201"]
[BlackElo "2168"]
[Annotator "NA"]
[PlyCount "55"]
[EventDate "2018.12.19"]
[EventType "swiss"]
[EventCountry "RUS"]
[SourceTitle "playchess.com"]
[Source "ChessBase"]
[SourceQuality "1"]

1. d4 Nf6 2. c4 g6 3. Nc3 Bg7 4. e4 d6 5. Be2 O-O 6. Be3 Na6 7. f3 c5 8. d5 e6 9. dxe6 fxe6 10. Qd2 Ne8 11. h4 Bd7 12. h5 Qe7 13. hxg6 hxg6 14. Nh3 Nb4 15. Bg5 Nf6 16. O-O-O d5 17. cxd5 exd5 18. exd5 Rae8 19. Bc4 Qd6 20. Bf4 Qb6 21. Ng5 Qa5 22. d6+ Be6 23. Nxe6 Rxe6 24. Bxe6+ Rf7 25. Kb1 Nd7 26. a3 Nc6 27. Nd5 Qxd2 28. Rxd2 1-0